| 000 | 00550cas a22002055a 4500 | ||
|---|---|---|---|
| 001 | L276 | ||
| 008 | 070627c1967 bu fr p 0 a0eng | ||
| 022 | 0 | _a1018-6522 | |
| 035 | _a(Sirsi) u98905 | ||
| 041 | 0 | _aeng | |
| 110 | 2 |
_aFederation Internationale des Geometres _95065 |
|
| 245 | 0 | 0 | _aFIG Bulletin |
| 260 |
_aSofia _bFIG _c1967- |
||
| 362 | _a(1) 1967-(72) March 2001 | ||
| 554 | _aTwo per year | ||
| 651 | 4 | _aInternational | |
| 690 | _aENVIRONMENTAL AND LAND CONSULTANCY-GEOMATICS-LAND SURVEYING | ||
| 942 | _n0 | ||
| 948 | _c18/08/1994 | ||
| 999 |
_c118573 _d118573 |
||